00521nam a2200181Ia 4500003000400000008004100004040001600045082001300061100001600074245004300090260003400133300001000167650001500177650002400192942001200216999001700228952009400245GCL140319s9999 xx 000 0 eng d aGCL / cGCL04a657bG F1 aGILES, R. S10aFINANCE AND ACCOUNTING / cGILES, R. S a[S.N] : bMACMILIAN ، c1995 a198 P04aACCOUNTING04aFINANCIAL RESOURCES 2ddccBK c11088d11088 00104070aCAIbCAId2014-03-26l0o657\ G Fp22104r2014-03-26 00:00:00w2014-03-26yBK